• 首页
  • 本馆介绍
  • 公告通知
  • 最新文献
  • 馆藏检索
  • 电子资源
  • 读者导购
  • 参考咨询
  • 我的图书馆
  • 登录
  • 详细信息显示
  • 放入我的书架
  • 预约/预借图书
  • 作者相关作品
  • 分类相关作品
  • 丛书相关作品
  • 出版社相关作品

书目信息

  • 表格格式
  • 工作单格式
  • 卡片格式
题名:
现代煤炭化学工艺学
    
 
作者: 吴永宽 编译
分册:  
出版信息: 北京   煤炭工业出版社  1981
页数: 329页
开本: 21cm
丛书名:
单 册:
中图分类: TQ530
科图分类:
主题词: 煤炭-应用化学--工艺学 , 应用化学-煤炭--工艺学
电子资源:
ISBN:
000 00657nam0 2200241 45
001 0181003945
005 20060815110101.82
010    @dCNY1.40
091    @a15035.2324
100    @a19950404d1981 em y0chiy0121 ea
101 1  @achi@cjpn
102    @aCN@b110000
105    @ay z 000yy
200 10 @a现代煤炭化学工艺学@Axian dai mei tan hua xue gong yi xue@f吴永宽编译
210    @a北京@c煤炭工业出版社@d1981
215    @a329页@d21cm
606    @a煤炭-应用化学@x工艺学
606    @a应用化学-煤炭@x工艺学
690    @aTQ530@v3
701  0 @a吴永宽@Awu yong kuan@4编译
801  2 @aCN@bNLC@c20060815
801  0 @aCN@bTSSF
905    @a10447@dTQ530@e11
    
    现代煤炭化学工艺学/吴永宽编译.-北京:煤炭工业出版社,1981
    329页;21cm
    
    
    ISBN :CNY1.40
    
●
相关链接 在E读中查询图书 在五车中查询图书 在当当中查询图书 在豆瓣中查询图书


正题名:现代煤炭化学工艺学     索取号:TQ530/11         预约/预借

序号 登录号 条形码 馆藏地/架位号 状态 备注
1 0458475   204584752   密集书库/ [索取号:TQ530/11] 在馆    
唐山师范学院图书馆 欢迎您!
大连网信软件有限公司© 版权所有